Monstruos por el borde del mundo /
Guardado en:
| Autor Principal: | |
|---|---|
| Otros Autores: | |
| Formato: | Libro |
| Publicado: |
Buenos Aires :
Alfaguara,
1996
|
| Materias: | |
| Etiquetas: |
Agregar Etiqueta
Sin Etiquetas, Sea el primero en etiquetar este registro!
|
| LEADER | 00723nam a22002295a 4500 | ||
|---|---|---|---|
| 001 | CEM.cems009741 | ||
| 005 | 20101125120428.0 | ||
| 008 | 130507s1996##################000#0#####d | ||
| 003 | CEMS | ||
| 020 | |a 9505112394 | ||
| 082 | 0 | 4 | |a A863.4 |
| 100 | 1 | |a Giménez, Eduardo Abel | |
| 245 | 1 | 0 | |a Monstruos por el borde del mundo / |c Eduardo Abel Giménez ; ilustraciones de Fernando Molinari |
| 260 | |a Buenos Aires : |b Alfaguara, |c 1996 | ||
| 300 | |a 92 p. | ||
| 653 | |a Literatura | ||
| 653 | |a Literatura argentina-siglo 20 | ||
| 653 | |a Literatura juvenil argentina | ||
| 653 | |a Novelas | ||
| 653 | |a Novela juvenil argentina | ||
| 700 | 1 | |a Molinari, Fernando,il. | |
| 859 | |a CEMS |b BIB. CEMS - 11 de abril |h A863.4 |i G429-1 |p 19980.98 |t Ej.1 | ||
